Action Films - Statistics

General Stats
  • This quiz has been taken 256 times
  • The average score is 6 of 15
Answer Stats
Hint Answer % Correct
James Bond (2012) Skyfall
81%
The De Lorean is a time machine back to the future
67%
Samuel L. Jackson and John Travolta Pulp Fiction
64%
Samuel L. Jackson on a plane snakes on a plane
62%
Man made of metal Iron man
58%
ginger haired Scottish girl Brave
48%
hasta la vista....BABY! Terminator 2
48%
District 12 The Hunger Games
38%
he's going on an adventure the hobbit
25%
Guy with a hammer and another guy with a shield avengers assemble
24%
Starring Tom Cruise Jack Reacher
16%
Starring Bruce Willis and Jason Statham Expendables 2
13%
Jason Statham robbery the bank job
13%
John Travolta is a bandit on a train taking of pelham 123
8%
epic fights across buildings The Bourne Legacy
0%
No matching quizzes found
Score Distribution
Percent of People with Each Score
Percentile by Number Answered
Your Score History
You have not taken this quiz